Programové vyhlásenie vlády (PVV)
Prvé pokračovanie. Programové vyhlásenie vlády SR na obdobie r. 2002-2006 schválené NR SR dňa 14. novembra 2002. Pôdohospodárstvo. Regionálny rozvoj a bývanie. Životné prostredie. Sociálna oblasť. Sociálna politika. Zdravotníctvo. Výchova a vzdelávanie.
Salvato in:
| Natura: | Capitolo di libro |
|---|---|
| Lingua: | slovacco |
| Soggetti: | |
| Tags: |
Nessun Tag, puoi essere il primo ad aggiungerne!!
|
MARC
| LEADER | 00000naa a2200000 4500 | ||
|---|---|---|---|
| 001 | r047306 | ||
| 005 | 20230927092044.9 | ||
| 041 | 0 | |a slo | |
| 044 | |a SK | ||
| 245 | 1 | 0 | |a Programové vyhlásenie vlády (PVV) |
| 520 | |a Prvé pokračovanie. Programové vyhlásenie vlády SR na obdobie r. 2002-2006 schválené NR SR dňa 14. novembra 2002. Pôdohospodárstvo. Regionálny rozvoj a bývanie. Životné prostredie. Sociálna oblasť. Sociálna politika. Zdravotníctvo. Výchova a vzdelávanie. | ||
| 610 | 2 | 0 | |a programy vládne |
| 610 | 2 | 0 | |a pôdohospodárstvo |
| 610 | 2 | 0 | |a rozvoj regionálny |
| 610 | 2 | 0 | |a bývanie |
| 610 | 2 | 0 | |a prostredie životné |
| 610 | 2 | 0 | |a politika sociálna |
| 610 | 2 | 0 | |a zdravotníctvo |
| 610 | 2 | 0 | |a výchova |
| 610 | 2 | 0 | |a vzdelávanie |
| 610 | 2 | 0 | |a Slovensko |
| 610 | 2 | 0 | |a 2002-2006 |